banner-ar

عندما يسقط العمالقة: (Record no. 62630)

MARC details
000 -الفاتح
حقل البيانات ثابتة الطول 01257nam a22002777a 4500
005 - وقت وتاريخ اخر تعامل مع التسجيلة
رقم الضبط 20240530110559.0
008 - عناصر البيانات ثابتة الطول - معلومات عامة
حقل البيانات ثابتة الطول 160903s2012 ua g 000 0dara d
017 ## - رقم الايداع القانونى
رقم الايداع القانونى 2011/20527
المصدر ( الهيئة المختصة) مصر . دار الكتب المصرية
020 ## - الرقم الدولى المعيارى للكتب
الرقم الدولى المعيارى للكتاب 9789777048637
040 ## - مصدر الفهرسة
وكالة الفهرسة الأصلية EG-CaGPL
082 04 - رقم تصنيف ديوى العشرى
رقم الطبعة 21
رقم التصنيف 330.122073\
رقم المادة ب ع
100 1# - المدخل الرئيسى - إسم شخصى
الإسم الشخصى بانز، مايكل جيه .
245 10 - بيان العنوان
العنوان عندما يسقط العمالقة:
بقية العنوان خريطة طريق اقتصادية لنهاية العهد الامريكى /
بيان المسئوليه,etc تاليف مايكل جيه . بانزنز ؛ ترجمة طارق راشد عليان .
250 ## - بيان الطبعة
بيان الطبعة ط1،
260 ## - PUBLICATION, DISTRIBUTION, ETC. (IMPRINT)
تاريخ النشر أو التوزيع 2012 .
300 ## - الوصف المادى
التعداد 340ص؛
أبعاد الوعاء 24سم .
490 0# - بيان السلسلة
عنوان السلسلة المشروع القومى للترجمة
رقم المجلد/ التعيين التسلسلي 2037
504 ## - تبصرة ببليوجرافية
تبصرة ببليوجرافية,الخ ببليوجرافية : ص261 - 327
650 04 - المدخل الاضافى بالموضوع-مصطلح موضوعى
مصطلح موضوعي الاستعمار الجديد .
651 04 - المدخل الاضافى بالموضوع - اسم جغرافى
الاسم الجغرافي الولايات المتحدة الامريكية
التقسيم الفرعي العام الاقتصاد .
651 04 - المدخل الاضافى بالموضوع - اسم جغرافى
الاسم الجغرافي الولايات المتحدة الامريكية
التقسيم الفرعي العام تاريخ .
651 04 - المدخل الاضافى بالموضوع - اسم جغرافى
الاسم الجغرافي العالم
التقسيم الفرعي العام الاحوال الاقتصادية .
700 0# - المدخل الاضافى - اسم شخصى
الإسم الشخصى طارق راشد عليان
الدور مترجم .
942 ## - عناصر المدخل الإضافي( كوها)
مصدر التصنيف او مخطط الترفيف Dewey Decimal Classification
Koha [default] item type كتاب
260 ## - PUBLICATION, DISTRIBUTION, ETC. (IMPRINT)
-- القاهرة :
-- المركز القومى للترجمة ،
Holdings
حالة التراجع حالة الفقد حالة تلف ليس للاعارة المكان المؤقت الموقع الحالى تاريخ الاكتساب اجمالي اﻻعارات رقم الطلب الباركود تاريخ اخر مشاهدة تاريخ تفعيل السعر نوع وعاء كوها
        مكتبة القاهرة الكبرى مكتبة القاهرة الكبرى 09/03/2016   330.122073\ ب ع 162416 09/03/2016 09/03/2016 كتاب

Powered By

EGPV